Normal view
MARC view
- David Freedman, Robert Pisani, Roger Purves
Entry Personal Name
001 - CONTROL NUMBER
- control field: 133995
003 - CONTROL NUMBER IDENTIFIER
- control field: NUST
005 - DATE AND TIME OF LATEST TRANSACTION
- control field: 20260408143319.0
008 - FIXED-LENGTH DATA ELEMENTS
- fixed length control field: 260408|| aca||aabn | a|a d
040 ## - CATALOGING SOURCE
- Original cataloging agency: NUST
- Transcribing agency: NUST
100 ## - HEADING--PERSONAL NAME
- Personal name: David Freedman, Robert Pisani, Roger Purves
670 ## - SOURCE DATA FOUND
- Source citation: Work cat.: (NUST): David Freedman, Robert Pisani, Roger Purves., Statistics /, 1997.
